| 000 | 00427nam a2200157Ia 4500 | ||
|---|---|---|---|
| 008 | 160316s1997 xxu||||| |||| 00| 0 eng d | ||
| 082 |
_a343.040000 _bRAM |
||
| 100 | _aRamachandran G | ||
| 245 | _aKarnataka taxation laws act,1997 with notifications | ||
| 250 | _a | ||
| 260 |
_aBangalore _bSree Ambica Book House _c1997 |
||
| 300 |
_a138p _b _c |
||
| 365 | _bRs.75/- | ||
| 650 | _a1.Tax Laws - Karnataka State | ||
| 700 |
_a _a |
||
| 999 |
_c10747 _d10747 |
||